Appreciation of music: (Record no. 55546)

000 -LEADER
fixed length control field 00317nam a22001337a 4500
082 ## - DEWEY DECIMAL CLASSIFICATION NUMBER
Classification number 780
Item number GEE/A
100 ## - MAIN ENTRY--AUTHOR NAME
Personal name Geetha Ravikumar
245 ## - TITLE STATEMENT
Title Appreciation of music:
Sub Title a guide/
Statement of responsibility, etc Geetha Ravikumar
260 ## - PUBLICATION, DISTRIBUTION, ETC. (IMPRINT)
Place of publication Chennai:
Name of publisher L K M Publication,
Year of publication 2009.
300 ## - PHYSICAL DESCRIPTION
Number of Pages 95p.
650 ## - SUBJECT ADDED ENTRY--TOPICAL TERM
Topical Term Music
650 ## - SUBJECT ADDED ENTRY--TOPICAL TERM
Topical Term Arts
942 ## - ADDED ENTRY ELEMENTS (KOHA)
Koha item type Book
Holdings
Withdrawn status Lost status Damaged status Not for loan Permanent Location Current Location Shelving location Date acquired Cost, normal purchase price Full call number Accession Number Price effective from Koha item type
        Sree Sankaracharya University of Sanskrit Sree Sankaracharya University of Sanskrit Stacks 10.08.2015 100.00 780 GEE/A 078074 10.08.2015 Book
        Sree Sankaracharya University of Sanskrit Sree Sankaracharya University of Sanskrit Stacks 10.08.2015 100.00 780 GEE/A 078075 10.08.2015 Book